[Event "Nationale I"]
[Site "?"]
[Date "2011.10.16"]
[Round "1.2"]
[White "Coursaget, Nicolas"]
[Black "Iordanov, Nikolay"]
[Result "1-0"]
[WhiteElo "2307"]
[BlackElo "2217"]
[PlyCount "91"]
[EventDate "2011.10.16"]
[EventCountry "FRA"]
[WhiteTeam "Lisieux"]
[BlackTeam "JEEN"]

1. d4 d5 2. Nf3 Nf6 3. c4 e6 4. Nc3 Be7 5. Bg5 O-O 6. e3 Ne4 7. Bxe7 Qxe7 8.
Qc2 Nxc3 9. Qxc3 dxc4 10. Bxc4 Nd7 11. O-O c5 12. Rac1 b6 13. Bb5 Bb7 14. Bxd7
Bxf3 15. gxf3 Qxd7 16. dxc5 bxc5 17. Rfd1 Qb7 18. e4 h6 19. b3 Rac8 20. Rd6 Qe7
21. Qe5 Rfd8 22. Rxd8+ Qxd8 23. Rxc5 Rxc5 24. Qxc5 Qd2 25. a3 Kh7 26. b4 a6 27.
Kg2 f6 28. Qe3 Qd6 29. Qb3 f5 30. exf5 exf5 31. a4 Qg6+ 32. Kf1 Qg5 33. b5 Qc1+
34. Ke2 axb5 35. axb5 Qc8 36. b6 Qa6+ 37. Ke3 Qb7 38. Qe6 Kh8 39. Qd6 Kh7 40.
Qc7 Qd5 41. b7 f4+ 42. Kxf4 Qg5+ 43. Ke4 Qg6+ 44. Kd4 Qf6+ 45. Kc4 Qa6+ 46. Kb4
1-0

[Event "Nationale I"]
[Site "?"]
[Date "2011.10.16"]
[Round "1.3"]
[White "Regoli, Stephane"]
[Black "Marie, Maxime"]
[Result "1-0"]
[WhiteElo "2246"]
[BlackElo "2209"]
[PlyCount "51"]
[EventDate "2011.10.16"]
[EventCountry "FRA"]
[WhiteTeam "JEEN"]
[BlackTeam "Lisieux"]

1. e4 c5 2. Nf3 Nc6 3. Bb5 d6 4. O-O Bd7 5. Re1 e5 6. c3 g5 7. d4 g4 8. Nfd2
cxd4 9. Bxc6 bxc6 10. cxd4 exd4 11. Nc4 c5 12. e5 d5 13. Nd6+ Ke7 14. Nc3 Be6
15. Bg5+ f6 16. exf6+ Nxf6 17. Nxd5+ Kxd6 18. Bxf6 Bxd5 19. Bxd8 Rxd8 20. b4
Kc7 21. Rc1 Bc6 22. Qd2 h5 23. bxc5 h4 24. Qf4+ Kb7 25. Rb1+ Ka8 26. Qc7 1-0

[Event "Nationale I"]
[Site "?"]
[Date "2011.10.16"]
[Round "1.4"]
[White "Decosse, Jean Fabien"]
[Black "Dicko, Henri"]
[Result "1-0"]
[WhiteElo "2208"]
[BlackElo "2162"]
[PlyCount "59"]
[EventDate "2011.10.16"]
[EventCountry "FRA"]
[WhiteTeam "Lisieux"]
[BlackTeam "JEEN"]

1. d4 f5 2. Bg5 c6 3. e3 Qb6 4. Nd2 Qxb2 5. Rb1 Qxa2 6. Bc4 Qa5 7. Bxg8 Rxg8 8.
Qh5+ g6 9. Qxh7 Rg7 10. Qh8 Qd5 11. Ngf3 d6 12. O-O Na6 13. c4 Qg8 14. Qh4 Rh7
15. Qf4 Nc7 16. Rfe1 Ne6 17. Qg3 Bh6 18. Bxh6 Rxh6 19. d5 cxd5 20. cxd5 Nc5 21.
e4 Nd3 22. exf5 Nxe1 23. Rxe1 Bxf5 24. Qxd6 Qg7 25. Qc7 Qf6 26. d6 Rh7 27. Ne4
Bxe4 28. d7+ Kf7 29. Rxe4 Rhh8 30. Rf4 1-0

[Event "Nationale I"]
[Site "?"]
[Date "2011.10.16"]
[Round "1.5"]
[White "Mehaibia, Azzedine"]
[Black "Le Borgne, Pierre"]
[Result "1-0"]
[WhiteElo "2140"]
[BlackElo "2207"]
[PlyCount "75"]
[EventDate "2011.10.16"]
[EventCountry "FRA"]
[WhiteTeam "JEEN"]
[BlackTeam "Lisieux"]

1. e4 c5 2. Nf3 Nc6 3. d4 cxd4 4. Nxd4 Qb6 5. Nb3 Nf6 6. Nc3 e6 7. Bd3 a6 8.
Qe2 d6 9. Be3 Qc7 10. f4 b5 11. O-O-O Be7 12. g4 Bb7 13. g5 Nd7 14. Rhf1 Nb4
15. f5 Ne5 16. Kb1 exf5 17. exf5 O-O-O 18. f6 gxf6 19. gxf6 Bf8 20. Bf5+ Nd7
21. a3 Re8 22. axb4 Bh6 23. Rd3 Kb8 24. Bxd7 Qxd7 25. Qd2 Qh3 26. Re1 Qh4 27.
Rd1 Bxe3 28. Rxe3 Qxb4 29. Re7 Rxe7 30. fxe7 Re8 31. Qe3 Qh4 32. Re1 Qxh2 33.
Qb6 Qh4 34. Qxd6+ Ka8 35. Re5 Qh1+ 36. Ka2 Qc6 37. Qd8+ Ka7 38. Rc5 1-0

[Event "Nationale I"]
[Site "?"]
[Date "2011.10.16"]
[Round "1.6"]
[White "Blanche, Paul"]
[Black "Bousmaha, Abderahmane"]
[Result "1-0"]
[WhiteElo "2118"]
[BlackElo "2087"]
[PlyCount "89"]
[EventDate "2011.10.16"]
[EventCountry "FRA"]
[WhiteTeam "Lisieux"]
[BlackTeam "JEEN"]

1. d4 d5 2. c4 Bf5 3. Nc3 e6 4. Nf3 Nc6 5. Bf4 Nf6 6. e3 Be7 7. Rc1 O-O 8. Bg5
Ne4 9. Bxe7 Qxe7 10. cxd5 Nxc3 11. bxc3 exd5 12. Be2 Rad8 13. Qb3 Rd6 14. O-O
Rfd8 15. Qa3 Bh3 16. Ne1 Bf5 17. Nf3 g5 18. Rfd1 g4 19. Nd2 Qh4 20. Nf1 Rf6 21.
Qb2 Be4 22. Bd3 Bf3 23. Re1 Ne7 24. Qd2 Rdd6 25. e4 dxe4 26. Bxe4 Nd5 27. Bxd5
Bxd5 28. Re8+ Kg7 29. Re5 Rg6 30. Ng3 Be6 31. d5 Qd8 32. c4 f6 33. Re3 Bc8 34.
Rce1 Kf7 35. c5 Ra6 36. Rd3 f5 37. Qf4 Rgf6 38. Red1 Rxa2 39. Qc4 Rfa6 40. d6+
Be6 41. Qf4 R6a4 42. Qh6 Qh8 43. d7 Qd8 44. Qxh7+ Kf8 45. Nh5 1-0

[Event "Nationale I"]
[Site "?"]
[Date "2011.10.16"]
[Round "1.7"]
[White "Benbara, Brahim"]
[Black "Barbini, Denis"]
[Result "0-1"]
[WhiteElo "2142"]
[BlackElo "2100"]
[PlyCount "102"]
[EventDate "2011.10.16"]
[EventCountry "FRA"]
[WhiteTeam "JEEN"]
[BlackTeam "Lisieux"]

1. f4 d5 2. Nf3 g6 3. g3 Bg7 4. Bg2 c5 5. O-O Nc6 6. d3 Nf6 7. c3 O-O 8. Qe1
Qd6 9. Na3 Bf5 10. Nh4 Bd7 11. e4 dxe4 12. dxe4 e5 13. Be3 Rad8 14. h3 Qe7 15.
Qf2 b6 16. fxe5 Ne8 17. Nf3 Nxe5 18. Nxe5 Bxe5 19. Nc4 Bg7 20. a4 Be6 21. Nd2
Nd6 22. Qe2 Qd7 23. Kh2 Rde8 24. Bf4 Qe7 25. Rae1 Bc8 26. Qd3 Rd8 27. Qe3 Bb7
28. Bg5 f6 29. Bf4 Nf7 30. h4 g5 31. hxg5 fxg5 32. Rh1 gxf4 33. gxf4 Nh6 34.
Kg1 Qd6 35. Nf3 Qxf4 36. Qe2 Rde8 37. Rh4 Qg3 38. Rh3 Qg6 39. Nh4 Qg4 40. Qc4+
Qe6 41. Qd3 c4 42. Qe3 Ng4 43. Qg5 h6 44. Qh5 Nf6 45. Qg6 Qg4 46. Rg3 Qxg6 47.
Nxg6 Rf7 48. Bf1 Rxe4 49. Rd1 Kh7 50. Rd6 Re1 51. Kf2 Rxf1+ 0-1

[Event "Nationale I"]
[Site "?"]
[Date "2011.10.16"]
[Round "1.8"]
[White "Marchadour, Emilie"]
[Black "Gatine, Aurelia"]
[Result "1-0"]
[WhiteElo "2015"]
[BlackElo "1980"]
[PlyCount "73"]
[EventDate "2011.10.16"]
[EventCountry "FRA"]
[WhiteTeam "Lisieux"]
[BlackTeam "JEEN"]

1. e4 c5 2. Nf3 d6 3. d4 cxd4 4. Nxd4 Nf6 5. Nc3 g6 6. Be2 Bg7 7. O-O O-O 8.
Be3 Nc6 9. Nb3 e6 10. f4 a5 11. a4 b6 12. Bf3 Ne8 13. Qd2 Ba6 14. Rfd1 Qc7 15.
Nb5 Bxb5 16. axb5 Nd8 17. e5 d5 18. Rdc1 Rc8 19. Qd4 Bh6 20. g3 g5 21. fxg5 Bg7
22. Qxb6 Bxe5 23. Qxc7 Rxc7 24. c3 Nb7 25. b6 Rc8 26. Nxa5 Nxa5 27. Rxa5 Nd6
28. Be2 Rc6 29. Rca1 Nb7 30. Ra7 Rb8 31. Ra8 Rcc8 32. Rxb8 Rxb8 33. Ra7 Bd6 34.
b4 Be5 35. Ba6 Nd6 36. b7 Kg7 37. Ra8 1-0

[Event "Nationale I"]
[Site "?"]
[Date "2011.10.16"]
[Round "1.1"]
[White "Inkiov, Ventzislav"]
[Black "Prie, Eric"]
[Result "1/2-1/2"]
[WhiteElo "2465"]
[BlackElo "2476"]
[PlyCount "38"]
[EventDate "2011.10.16"]
[EventCountry "FRA"]
[WhiteTeam "Migné Echecs"]
[BlackTeam "Bordeaux"]

1. d4 Nf6 2. c4 c5 3. d5 a6 4. a4 e5 5. Nc3 d6 6. e4 Be7 7. Be2 O-O 8. Nf3 Ne8
9. O-O Nd7 10. a5 Rb8 11. Ne1 Bg5 12. Nd3 g6 13. Bxg5 Qxg5 14. Qc1 Qe7 15. Rb1
Qd8 $11 16. Qh6 Qxa5 17. f4 Qd8 18. f5 b5 19. f6 Nexf6 1/2-1/2

[Event "Nationale I"]
[Site "?"]
[Date "2011.10.16"]
[Round "1.2"]
[White "Boudre, Jean Pierre"]
[Black "Saada, Julien"]
[Result "0-1"]
[WhiteElo "2299"]
[BlackElo "2313"]
[PlyCount "70"]
[EventDate "2011.10.16"]
[EventCountry "FRA"]
[WhiteTeam "Bordeaux"]
[BlackTeam "Migné Echecs"]

1. e4 c6 2. c4 d5 3. cxd5 cxd5 4. exd5 Nf6 5. Bb5+ Nbd7 6. Nc3 a6 7. Be2 b5 8.
d4 b4 9. Na4 Nxd5 10. Nf3 e6 11. O-O Be7 12. Bd2 O-O 13. Rc1 Bb7 14. Qb3 Rc8
15. Rxc8 Qxc8 16. Rc1 Qa8 17. Nc5 Nxc5 18. dxc5 a5 19. Ne5 Rc8 20. Bh5 g6 21.
c6 Bxc6 22. Bf3 Bb7 23. Re1 a4 24. Qd3 Nf6 25. Bg5 Bxf3 26. Nxf3 Qd5 27. Qb1 b3
28. a3 Rc2 29. h3 Kg7 30. Rd1 Qf5 31. Be3 Bc5 32. Nd4 Bxd4 33. Bxd4 e5 34. Be3
Ne4 35. f3 Nd6 0-1

[Event "Nationale I"]
[Site "?"]
[Date "2011.10.16"]
[Round "1.3"]
[White "Bedouin, Xavier"]
[Black "Guidez, Yann Michael"]
[Result "1/2-1/2"]
[WhiteElo "2206"]
[BlackElo "2260"]
[PlyCount "87"]
[EventDate "2011.10.16"]
[EventCountry "FRA"]
[WhiteTeam "Migné Echecs"]
[BlackTeam "Bordeaux"]

1. e4 e5 2. Nf3 Nc6 3. Bb5 a6 4. Bxc6 dxc6 5. O-O Bg4 6. h3 Bxf3 7. Qxf3 Qf6 8.
Qxf6 Nxf6 9. d3 Nd7 10. Nd2 f6 11. Nc4 Nc5 12. Be3 Ne6 13. Rfd1 O-O-O 14. Kf1
Bc5 15. c3 Rd7 16. Ke2 Bxe3 17. fxe3 c5 18. Nd2 Rhd8 19. Nf3 a5 20. c4 Rd6 21.
Rd2 Kd7 22. g4 Ke7 23. h4 h6 24. Rg1 Kf7 25. g5 hxg5 26. hxg5 Rh8 27. gxf6 gxf6
28. Rdd1 Rb6 29. Rd2 Rh5 $11 30. Kd1 Rd6 31. Kc2 Rd8 32. Rh2 Rdh8 33. Rgg2 Ke7
34. Rxh5 Rxh5 35. Nh2 Rg5 36. Rf2 Rg3 37. Nf3 Rh3 38. Kd2 Rh1 39. Nh2 Rg1 40.
Nf1 Rg8 41. Rh2 Kf7 42. Ke2 c6 43. Rh7+ Rg7 44. Rxg7+ $11 1/2-1/2

[Event "Nationale I"]
[Site "?"]
[Date "2011.10.16"]
[Round "1.4"]
[White "Passager, Jean Pierre"]
[Black "Picard, Romain"]
[Result "0-1"]
[WhiteElo "2209"]
[BlackElo "2350"]
[PlyCount "112"]
[EventDate "2011.10.16"]
[EventCountry "FRA"]
[WhiteTeam "Bordeaux"]
[BlackTeam "Migné Echecs"]

1. d4 e6 2. c4 b6 3. Nf3 Nf6 4. g3 Bb7 5. Bg2 c5 6. d5 exd5 7. Nh4 g6 8. cxd5
Bg7 9. Nc3 O-O 10. O-O d6 11. e4 Na6 12. Re1 Re8 13. Bf4 Nh5 14. Be3 Qd7 15.
Nf5 Be5 16. Nh6+ Kf8 17. f4 Bg7 18. Nf5 Bh8 19. Bf2 Nf6 20. Ne3 b5 21. Qc2 Nb4
22. Qb1 c4 23. Bf1 Nd3 24. Bxd3 cxd3 25. Qxd3 b4 26. Ne2 Nxe4 27. Nd4 Rac8 28.
Rac1 Nxf2 29. Kxf2 Rc5 30. b3 Ra5 31. Nc6 Rxa2+ 32. Rc2 Rxc2+ 33. Nxc2 Bxc6 34.
dxc6 Qxc6 35. Rxe8+ Kxe8 36. Qe3+ Kd8 37. Nxb4 Qb6 38. Qxb6+ axb6 39. Ke3 Kd7
40. Kd3 b5 41. g4 Ke6 42. Nc6 Kd5 43. Nb4+ Ke6 44. Nc6 f5 45. g5 Kd5 46. Nb4+
Kc5 47. Na6+ Kb6 48. Nb4 Bb2 49. Nd5+ Kc5 50. Nf6 Bc1 51. Nxh7 Bxf4 52. Nf8
Bxh2 53. Nxg6 Kd5 54. Nh4 Ke6 55. g6 Be5 56. Ke3 Kf6 0-1

[Event "Nationale I"]
[Site "?"]
[Date "2011.10.16"]
[Round "1.5"]
[White "Fougerit, Valentin"]
[Black "Daumens, Michel"]
[Result "1/2-1/2"]
[WhiteElo "2213"]
[BlackElo "2147"]
[PlyCount "127"]
[EventDate "2011.10.16"]
[EventCountry "FRA"]
[WhiteTeam "Migné Echecs"]
[BlackTeam "Bordeaux"]

1. e4 c5 2. Nf3 Nc6 3. Bb5 g6 4. Bxc6 bxc6 5. O-O Bg7 6. Re1 Nf6 7. e5 Nd5 8.
c4 Nc7 9. d4 cxd4 10. Qxd4 d5 11. Nc3 Ne6 12. Qh4 h6 13. cxd5 cxd5 14. Be3 Bb7
15. Rad1 Qd7 16. Nd4 a6 17. Qg3 Rd8 18. Nce2 O-O 19. f4 Nxd4 20. Nxd4 Kh7 21.
Bd2 Rc8 22. Bc3 e6 23. h4 Rc4 24. h5 Bc8 25. Qd3 Qe8 26. b3 Rc7 27. Bb4 Rg8 28.
Bd6 Rd7 29. b4 Bh8 30. a4 Qd8 31. Re3 Rxd6 32. exd6 Qxd6 33. b5 axb5 34. axb5
Bf6 35. Rf3 Kh8 36. hxg6 fxg6 37. Nc6 Bd7 38. Rc1 Kh7 39. Qc2 Rc8 40. Rg3 Be8
41. Qa4 d4 42. Qa3 Qxf4 43. Rf1 Qh4 44. Rh3 Qg5 45. Qa7+ Bg7 46. Qb7 Rxc6 47.
bxc6 Qd5 48. Rg3 Qxc6 49. Qxc6 Bxc6 50. Rf7 g5 51. Re7 Bd5 52. Ra3 $11 Kg6 53.
Ra6 Bf6 54. Rd7 h5 55. Kf2 h4 56. Ra5 Be5 57. Rdxd5 exd5 58. Rxd5 Kf5 59. Ke2
Ke4 60. Rd7 g4 61. Rd8 h3 62. gxh3 gxh3 63. Kf2 d3 64. Rxd3 $11 1/2-1/2

[Event "Nationale I"]
[Site "?"]
[Date "2011.10.16"]
[Round "1.6"]
[White "Lagunes, Jean Renaud"]
[Black "Picard, Clement"]
[Result "0-1"]
[WhiteElo "2089"]
[BlackElo "2183"]
[PlyCount "70"]
[EventDate "2011.10.16"]
[EventCountry "FRA"]
[WhiteTeam "Bordeaux"]
[BlackTeam "Migné Echecs"]

1. e4 e6 2. d4 d5 3. Nc3 h6 4. Be3 Bb4 5. e5 Ne7 6. a3 Bxc3+ 7. bxc3 Nf5 8. Nf3
Nxe3 9. fxe3 b6 10. Bd3 Ba6 11. O-O O-O 12. Rf2 c5 13. Bxa6 Nxa6 14. Qe2 Nc7
15. Kh1 Qd7 16. Nh4 Rac8 17. Raf1 Nb5 18. Qe1 cxd4 19. cxd4 Nxa3 20. Rf3 Nxc2
21. Qg3 Qb5 22. Kg1 Qd3 23. h3 a5 24. Qf2 Rc7 25. g4 a4 26. Ng2 Qe4 27. Rf4 Qd3
28. Rf3 Qe4 29. Rf4 Qh7 30. h4 a3 31. Ne1 a2 32. e4 a1=Q 33. Nxc2 Qb2 34. Ne3
Qxf2+ 35. R1xf2 dxe4 0-1

[Event "Nationale I"]
[Site "?"]
[Date "2011.10.16"]
[Round "1.7"]
[White "Tranchant, Sebastien"]
[Black "Stepenko, Roman"]
[Result "1-0"]
[WhiteElo "2244"]
[BlackElo "1952"]
[PlyCount "85"]
[EventDate "2011.10.16"]
[EventCountry "FRA"]
[WhiteTeam "Migné Echecs"]
[BlackTeam "Bordeaux"]

1. e4 c5 2. Nf3 e6 3. g3 Nc6 4. Bg2 d6 5. O-O Nf6 6. Qe2 Be7 7. c3 e5 8. h3 O-O
9. Rd1 Qb6 10. Na3 Be6 11. Ng5 d5 12. Nxe6 fxe6 13. d3 Rad8 14. Re1 Rf7 15. h4
Rdf8 16. Bh3 Nd8 17. exd5 exd5 18. c4 Ne8 19. Rf1 Qg6 20. h5 Qd6 21. Nb5 Qb6
22. Nc3 dxc4 23. dxc4 Nc7 24. Be3 Nde6 25. Nd5 Nxd5 26. cxd5 Nc7 27. Rfd1 Qf6
28. Qc4 b5 29. Qc3 Bd6 30. Bxc5 Bxc5 31. Qxc5 Na6 32. Qe3 Qxf2+ 33. Qxf2 Rxf2
34. d6 Rc2 35. Be6+ Kh8 36. d7 Rd8 37. Rac1 Rc5 38. Kf2 h6 39. Ke3 g5 40. Ke4
Kg7 41. Rxc5 Nxc5+ 42. Kxe5 Nb7 43. Rf1 1-0

[Event "Nationale I"]
[Site "?"]
[Date "2011.10.16"]
[Round "1.8"]
[White "Boutant, Jade"]
[Black "Le Bail, Clara"]
[Result "1-0"]
[WhiteElo "1802"]
[BlackElo "2064"]
[PlyCount "79"]
[EventDate "2011.10.16"]
[EventCountry "FRA"]
[WhiteTeam "Bordeaux"]
[BlackTeam "Migné Echecs"]

1. c4 c6 2. g3 d5 3. Bg2 Nf6 4. Nf3 e6 5. O-O Bd6 6. d3 O-O 7. Nbd2 e5 8. Qc2
Qe7 9. e4 Be6 10. b3 Na6 11. a3 b5 12. Bb2 bxc4 13. dxc4 d4 14. b4 Qb7 15. Nh4
Rad8 16. Nf5 Bb8 17. c5 g6 18. Nh4 Qb5 19. Rfd1 d3 20. Qc3 Qa4 21. Nhf3 Nd7 22.
Nc4 Bxc4 23. Qxc4 Qc2 24. Qxc2 dxc2 25. Rdc1 f6 26. Rxc2 Rfe8 27. Bf1 Nc7 28.
Bc4+ Kg7 29. Rd2 Nf8 30. Rad1 Nfe6 31. Rxd8 Rxd8 32. Rxd8 Nxd8 33. Kf1 Nce6 34.
Ke2 Kf7 35. Kd3 Ke7 36. a4 Kd7 37. Ba3 Bc7 38. h3 Nb7 39. Ba6 Bd8 40. Bxb7 1-0

[Event "Nationale I"]
[Site "?"]
[Date "2011.10.16"]
[Round "1.1"]
[White "Pinter, Jozsef"]
[Black "Favarel, Julien"]
[Result "1/2-1/2"]
[WhiteElo "2547"]
[BlackElo "2214"]
[PlyCount "141"]
[EventDate "2011.10.16"]
[EventCountry "FRA"]
[WhiteTeam "Loures Barousse"]
[BlackTeam "Agen"]

1. c4 Nf6 2. Nc3 g6 3. g3 Bg7 4. Bg2 O-O 5. d4 d6 6. Nf3 Nbd7 7. O-O e5 8. e4
a6 9. a4 a5 10. b3 exd4 11. Nxd4 Re8 12. Rb1 Nc5 13. f3 c6 14. Be3 Na6 15. Re1
Nb4 16. Bf2 Nd7 17. Rb2 Qe7 18. Rd2 Nc5 19. f4 Qf8 20. h3 f5 21. Kh2 fxe4 22.
Nxe4 Nxe4 23. Rxe4 Rxe4 24. Bxe4 d5 25. cxd5 cxd5 26. Bg2 Kh8 27. Nc2 Na2 28.
Qe2 Nc3 29. Rd3 Ne4 30. Rxd5 Nxf2 31. Qxf2 Be6 32. Rb5 Rd8 33. Rxb7 g5 34. Ne3
Qc5 35. f5 Bc8 36. f6 Bf8 37. Rb5 Qd4 38. f7 h6 39. Qf3 Be6 40. Rb7 Bc5 41. Rc7
Bf8 42. Rc6 Qe5 43. Nc4 Bxc4 44. bxc4 Kg7 45. Qe4 Qxe4 46. Bxe4 Rd2+ 47. Kh1
Kxf7 48. Ra6 Bd6 49. g4 Ke7 50. Rxa5 Rh2+ 51. Kg1 Rxh3 52. c5 Bf4 53. Kf1 Rc3
54. c6 Kd6 55. Rd5+ Kc7 56. Rd4 Bd6 57. Ke2 Ra3 58. Rc4 Rb3 59. Bd5 Ra3 60. Kd2
Ra1 61. Kc2 Bf4 62. Rb4 Rc1+ 63. Kd3 Rd1+ 64. Kc4 Rc1+ 65. Kd4 Rd1+ 66. Ke4
Re1+ 67. Kf3 Re3+ 68. Kg2 Rc3 69. Bc4 Kd6 70. Bb5 Rc2+ 71. Kh1 1/2-1/2

[Event "Nationale I"]
[Site "?"]
[Date "2011.10.16"]
[Round "1.2"]
[White "Fantinel, Thibault"]
[Black "Estrada Nieto, Julian"]
[Result "1-0"]
[WhiteElo "2286"]
[BlackElo "2285"]
[PlyCount "95"]
[EventDate "2011.10.16"]
[EventCountry "FRA"]
[WhiteTeam "Agen"]
[BlackTeam "Loures Barousse"]

1. Nf3 d5 2. c4 dxc4 3. e4 Nc6 4. Bxc4 e5 5. O-O Bd6 6. d4 Nxd4 7. Nxd4 exd4 8.
e5 Be7 9. Qh5 g6 10. Qf3 Be6 11. Bxe6 fxe6 12. Qxb7 Qd5 13. Qxc7 Qc5 14. Qb7
Rd8 15. Re1 Rd5 16. Nd2 Qb6 17. Qc8+ Kf7 18. Nc4 Qc5 19. Qxc5 Bxc5 20. Bd2 Ne7
21. b4 Bb6 22. Nd6+ Kg7 23. Bg5 Kf8 24. Bf6 Rg8 25. Rac1 d3 26. Red1 Rd4 27.
Rc4 Rxc4 28. Nxc4 Nd5 29. Rxd3 Ke8 30. Nxb6 axb6 31. Ra3 Nxf6 32. exf6 Kf7 33.
Ra7+ Kxf6 34. Rxh7 Rc8 35. g3 Rc2 36. Rb7 Rxa2 37. Rxb6 g5 38. h3 Kf5 39. b5 e5
40. Rb8 Rb2 41. b6 Ke4 42. b7 Rb3 43. Kg2 Rb2 44. h4 gxh4 45. gxh4 Rb3 46. h5
Rb6 47. h6 Rg6+ 48. Kf1 1-0

[Event "Nationale I"]
[Site "?"]
[Date "2011.10.16"]
[Round "1.3"]
[White "Szitas, Gabor"]
[Black "Grizou, Regis"]
[Result "1-0"]
[WhiteElo "2192"]
[BlackElo "2193"]
[PlyCount "73"]
[EventDate "2011.10.16"]
[EventCountry "FRA"]
[WhiteTeam "Loures Barousse"]
[BlackTeam "Agen"]

1. e4 c5 2. Nf3 e6 3. d4 cxd4 4. Nxd4 a6 5. Bd3 Nf6 6. O-O d6 7. Nc3 Nbd7 8.
Be3 b6 9. f4 Bb7 10. g4 Nc5 11. Qf3 d5 12. e5 Nfe4 13. f5 Qd7 14. a4 Nxd3 15.
cxd3 Nxc3 16. bxc3 Bc5 17. fxe6 fxe6 18. Bg5 h6 19. Qh3 g6 20. Bf6 Rh7 21. Rf2
Bxd4 22. cxd4 Qc6 23. Qe3 Rc8 24. Rb1 b5 25. axb5 axb5 26. Rfb2 Ba6 27. Bh4 g5
28. Be1 Qd7 29. Bb4 Qg7 30. Ra1 Rc6 31. Rba2 Bb7 32. Bd6 Qg6 33. Rf2 Rc3 34.
Rc1 b4 35. Rf8+ Kd7 36. Rf6 Qe4 37. dxe4 1-0

[Event "Nationale I"]
[Site "?"]
[Date "2011.10.16"]
[Round "1.4"]
[White "Marciniak, Alexandre"]
[Black "Hutin, Christophe"]
[Result "1-0"]
[WhiteElo "2203"]
[BlackElo "2133"]
[PlyCount "69"]
[EventDate "2011.10.16"]
[EventCountry "FRA"]
[WhiteTeam "Agen"]
[BlackTeam "Loures Barousse"]

1. e4 d5 2. exd5 Nf6 3. d4 Bg4 4. Bb5+ Nbd7 5. f3 Bf5 6. g4 a6 7. Ba4 Bg6 8.
Nc3 b5 9. Bb3 Nb6 10. a4 Nfxd5 11. Nxd5 Nxd5 12. Qe2 e6 13. axb5 a5 14. Bd2 Bb4
15. c3 Be7 16. Nh3 Bh4+ 17. Kf1 O-O 18. Kg2 h5 19. Rhf1 hxg4 20. fxg4 a4 21.
Bxa4 Nf6 22. Bb3 Be4+ 23. Kg1 Bb7 24. Ng5 Rxa1 25. Rxa1 Nd5 26. Ne4 Nf6 27. Nc5
Ba8 28. g5 Nh7 29. Qg4 Bxg5 30. Bxg5 Nxg5 31. Rf1 Nh7 32. Re1 Nf6 33. Qh4 Qb8
34. Re3 Ne4 35. Nxe4 1-0

[Event "Nationale I"]
[Site "?"]
[Date "2011.10.16"]
[Round "1.5"]
[White "Sanchez, Nicolas"]
[Black "Marciniak, Gerard"]
[Result "1/2-1/2"]
[WhiteElo "2160"]
[BlackElo "2153"]
[PlyCount "87"]
[EventDate "2011.10.16"]
[EventCountry "FRA"]
[WhiteTeam "Loures Barousse"]
[BlackTeam "Agen"]

1. d4 Nf6 2. Nf3 e6 3. e3 b6 4. Bd3 Bb7 5. O-O c5 6. c4 d6 7. b3 Be7 8. Bb2
Nbd7 9. Qe2 O-O 10. Nbd2 Qc7 11. Rac1 Rfe8 12. e4 cxd4 13. Nxd4 a6 14. Bb1 Rad8
15. Nc2 Nc5 16. f3 e5 17. Ne3 Nh5 18. g3 g6 19. Nd5 Bxd5 20. cxd5 Qd7 21. Nc4
Rb8 22. Qd2 Bf6 23. Rce1 Red8 24. Qe3 Qh3 25. Qf2 Bg5 26. Qg2 Qd7 27. h4 Bh6
28. Kh2 Qc7 29. Ne3 Qe7 30. Ng4 Bg7 31. Qd2 Rf8 32. Nf2 Rbc8 33. Nh3 Rce8 34.
Bc2 a5 35. Bb1 Nd7 36. Rc1 Nc5 37. Bc2 Rc8 38. Bb1 Nf6 39. Nf2 h5 40. Nh3 Kh7
41. Ng5+ Kg8 42. Nh3 Kh7 43. Ng5+ Kg8 44. Nh3 1/2-1/2

[Event "Nationale I"]
[Site "?"]
[Date "2011.10.16"]
[Round "1.6"]
[White "Le Hetet, Nicolas"]
[Black "Osete, Jose"]
[Result "1-0"]
[WhiteElo "2138"]
[BlackElo "2007"]
[PlyCount "81"]
[EventDate "2011.10.16"]
[EventCountry "FRA"]
[WhiteTeam "Agen"]
[BlackTeam "Loures Barousse"]

1. e4 e6 2. d4 d5 3. Nc3 Nc6 4. Nf3 Nf6 5. Bg5 Be7 6. e5 Ne4 7. Bxe7 Qxe7 8. a3
Bd7 9. Bd3 Ng5 10. Be2 Nxf3+ 11. Bxf3 f6 12. exf6 Qxf6 13. Ne2 O-O 14. Qd2 Ne7
15. O-O Bb5 16. Rfe1 Ng6 17. Ng3 Rae8 18. Rad1 c6 19. Bh5 Re7 20. Bxg6 Qxg6 21.
Re5 Ref7 22. f3 h6 23. Rde1 Rf6 24. b3 Ba6 25. R1e3 b6 26. Rc3 Rc8 27. Qe3 Rc7
28. Nh5 Rf5 29. Nf4 Rxe5 30. Qxe5 Qf7 31. Qxe6 Bc8 32. Qxf7+ Kxf7 33. Nxd5 Rd7
34. Rxc6 Bb7 35. Rc7 Rxc7 36. Nxc7 a6 37. c4 Ke7 38. d5 g6 39. Kf2 Kd6 40. Ne6
Ke5 41. Ke3 1-0

[Event "Nationale I"]
[Site "?"]
[Date "2011.10.16"]
[Round "1.7"]
[White "Bricard, Herve"]
[Black "Zaninetti, Laurent"]
[Result "1/2-1/2"]
[WhiteElo "2044"]
[BlackElo "1989"]
[PlyCount "64"]
[EventDate "2011.10.16"]
[EventCountry "FRA"]
[WhiteTeam "Loures Barousse"]
[BlackTeam "Agen"]

1. e4 c6 2. d3 d5 3. Nd2 e5 4. Ngf3 Bd6 5. g3 Nf6 6. Bg2 Be6 7. O-O O-O 8. Re1
Nbd7 9. exd5 cxd5 10. c4 Re8 11. cxd5 Bxd5 12. b3 Bb4 13. Bb2 e4 14. dxe4 Nxe4
15. Nxe4 Bxe4 16. Qd4 Qf6 17. Rxe4 Rxe4 18. Qxe4 Qxb2 19. Rd1 Bc5 20. Qxb7
Qxf2+ 21. Kh1 Nb6 22. Rf1 Qxa2 23. Ng5 Rf8 24. Qe4 g6 25. Qh4 h5 26. g4 Qe2 27.
Ne4 Bd4 28. gxh5 Qxh5 29. Nf6+ Bxf6 30. Qxf6 Qh8 31. Qe7 Nc8 32. Qd7 Qe5
1/2-1/2

[Event "Nationale I"]
[Site "?"]
[Date "2011.10.16"]
[Round "1.8"]
[White "Mamah, Isabelle"]
[Black "Pokee, Anne Josephe"]
[Result "1/2-1/2"]
[WhiteElo "1846"]
[BlackElo "1957"]
[PlyCount "119"]
[EventDate "2011.10.16"]
[EventCountry "FRA"]
[WhiteTeam "Agen"]
[BlackTeam "Loures Barousse"]

1. e4 d5 2. exd5 Nf6 3. d4 Bg4 4. Be2 Bxe2 5. Nxe2 Qxd5 6. O-O Nc6 7. Nbc3 Qh5
8. Ng3 Qxd1 9. Rxd1 O-O-O 10. Be3 e6 11. a3 Bd6 12. Nge4 Be7 13. Ng5 Rhf8 14.
Nf3 a6 15. Ne2 Nd5 16. c4 Nxe3 17. fxe3 Na5 18. Nd2 c5 19. Kf2 Bf6 20. b4 cxd4
21. exd4 Nc6 22. Nb3 b6 23. Rac1 Bg5 24. Rb1 Kb7 25. Nc3 Bf6 26. Ne2 Rd7 27. b5
axb5 28. cxb5 Ne7 29. a4 Rd5 30. g4 Rfd8 31. a5 Nc8 32. axb6 Kxb6 33. Rbc1 Rxb5
34. Nc5 Rd5 35. Na4+ Kb7 36. Nac3 Bxd4+ 37. Nxd4 Rb2+ 38. Nde2 Rxd1 39. Rxd1
Nb6 40. Rb1 Rxb1 41. Nxb1 Kc6 42. Nbc3 Kd6 43. Ne4+ Ke7 44. Nd4 f6 45. Kf3 Nc4
46. h3 g6 47. Nc6+ $11 Kd7 48. Nb4 Ne5+ 49. Kf4 g5+ 50. Ke3 Ke7 51. Nc2 h6 52.
Nd4 Ng6 53. Ne2 f5 54. gxf5 exf5 55. Nf2 h5 56. Kf3 Kd6 57. Ng3 g4+ 58. hxg4
Ne5+ 59. Kf4 Nxg4 60. Nxf5+ 1/2-1/2

[Event "Nationale I"]
[Site "Avoine"]
[Date "2011.11.12"]
[Round "2.1"]
[White "Regoli, Stephane"]
[Black "Fantinel, Thibault"]
[Result "1/2-1/2"]
[WhiteElo "2253"]
[BlackElo "2300"]
[PlyCount "61"]
[EventDate "2011.11.12"]
[EventCountry "FRA"]
[SourceDate "2011.11.20"]
[WhiteTeam "JEEN"]
[BlackTeam "Agen"]

1. e4 c5 2. Nf3 e6 3. b3 a6 4. Bb2 Nc6 5. d4 cxd4 6. Nxd4 Qf6 7. Bc3 Qg6 8. Nd2
Nf6 9. Nxc6 dxc6 10. Qf3 e5 11. h3 Nd7 12. Nc4 Bc5 13. Nxe5 Nxe5 14. Bxe5 O-O
15. Bd3 Re8 16. Bc3 Bf5 17. e5 Bxd3 18. cxd3 f6 19. d4 Bd6 20. O-O fxe5 21.
dxe5 Bxe5 22. Bxe5 Rxe5 23. Rfe1 Qe6 24. Rxe5 Qxe5 25. Rd1 Rf8 26. Qg4 Qf6 27.
Qg3 Qf5 28. Re1 Qf6 29. Rd1 Rd8 30. Re1 Rf8 31. Rd1 1/2-1/2